000 00292nam a2200121Ia 4500
008 190723s9999 xx 000 0 und d
020 _a978-81-265-5337-2
100 _aJason Bell
245 0 _aMachine Learning for Big data
260 _aIndiana
_bWiley
_c2017
300 _a380.:p
942 _cBK
999 _c1776
_d1776